Central Library OPAC University of Rajshahi

Mill on Bentham and Coleridge / (Record no. 18249)

MARC details
000 -LEADER
fixed length control field 00753cam a22002531 4500
001 - CONTROL NUMBER
control field 18249
003 - CONTROL NUMBER IDENTIFIER
rucl marc code BD-RjUL
005 - DATE AND TIME OF LATEST TRANSACTION
control field 20211209000246.0
008 - FIXED-LENGTH DATA ELEMENTS--GENERAL INFORMATION
fixed length control field 140220s1950 e 000 0 eng
035 ## - SYSTEM CONTROL NUMBER
System control number (BD-RjUL)18307
System control number (OCoLC)942750
040 ## - CATALOGING SOURCE
Original cataloging agency DLC
Transcribing agency OClU
Modifying agency Uk
-- DLC
-- BD-RjUL
Language of cataloging eng
041 ## - LANGUAGE CODE
Language code of text/sound track or separate title eng
082 00 - DEWEY DECIMAL CLASSIFICATION NUMBER
Classification number 192.9
Author mark and year MIM 1950
100 1# - MAIN ENTRY--PERSONAL NAME
Personal name Mill, John Stuart,
Dates associated with a name 1806-1873.
9 (RLIN) 56181
245 10 - TITLE STATEMENT
Title Mill on Bentham and Coleridge /
Statement of responsibility, etc. with an introd. by F. R. Leavis.
260 ## - PUBLICATION, DISTRIBUTION, ETC. (IMPRINT)
Place of publication, distribution, etc. London :
Name of publisher, distributor, etc. Chatto & Windus,
Date of publication, distribution, etc. 1950.
300 ## - PHYSICAL DESCRIPTION
Pagination 168 p. ;
Size 20 cm.
600 10 - SUBJECT ADDED ENTRY--PERSONAL NAME
Personal name Bentham, Jeremy,
Dates associated with a name 1748-1832
Personal name Coleridge, Samuel Taylor,
Dates associated with a name 1772-1834
942 ## - ADDED ENTRY ELEMENTS (KOHA)
Source of classification or shelving scheme Dewey Decimal Classification
Koha item type Books
Holdings
Lost status Source of classification or shelving scheme Damaged status Not for loan Collection code Permanent Location Current Location Shelving location Date acquired Source of acquisition Cost, normal purchase price Total Checkouts Full call number Date last seen Copy number Koha item type
  Dewey Decimal Classification   Not For Loan Non-fiction Central Library, University of Rajshahi Central Library, University of Rajshahi Reading Room 04/07/1955 CASSEL & COM 3.12   192.9 MIM 1950 20/02/2014 C-1 Books